| 000 | 00758nam a2200205Ii 4500 | ||
|---|---|---|---|
| 003 | JO-AjNU | ||
| 008 | 230605s9999||||xx |||||||||||||| ||und|| | ||
| 040 |
_aJO-AjNU _bara _erda _cJO-AjNU |
||
| 041 | _aara | ||
| 050 | 1 | 4 | _aK1315.4.Q826 |
| 100 | 3 |
_a القضاة ، مفلح عواد , _eauthor _98376 |
|
| 245 | 0 | 0 | _aالوجود الواقعي والوجود القانوني للشركة الفعلية في القانون المقارن |
| 250 | _a(د،ط) | ||
| 264 | 3 | 1 | _aعمان : مكتبة دار الثقافة ، 1985 |
| 300 | _a530ص | ||
| 336 |
_atext _btxt _2rdacontent |
||
| 337 |
_aunmediated _bn _2rdamedia |
||
| 338 |
_avolume _bnc _2rdacarrier |
||
| 650 | 4 |
_aقانون مقارن -- قانون شركات -- شركات أشخاص _98377 |
|
| 999 |
_aA756 _c4324 _d4324 |
||